| 000 | 00874nam a2200229 u 4500 | ||
|---|---|---|---|
| 005 | 20221124063624.0 | ||
| 008 | 120117s2009 mx r 000 0 spa d | ||
| 020 | _a9786074011524 | ||
| 035 | _aUPN01000182957 | ||
| 049 | _aCG | ||
| 050 | 4 |
_aF548.9 M6 _bZ3.7 |
|
| 100 | 1 | _aZamudio Grave, Patricia | |
| 245 | 1 | 0 |
_aRancheros en Chicago : _bvida y conciencia en una historia de migrantes / _cPatricia Zamudio Grave. |
| 260 |
_aMéxico : _bUniversidad Autónoma de Zacatecas : _bMiguel Angel Porrúa, _cc2009. |
||
| 300 |
_a228 p. : _bil. |
||
| 440 | 0 | _aDesarrollo y migración | |
| 650 | 4 |
_aINMIGRANTES - _zCHICAGO (E.U.A.) - _xHISTORIA - _ySIGLO XX _920142 |
|
| 651 | 4 |
_aCHICAGO (E.U.A.) - _xEMIGRACION E INMIGRACION _920140 |
|
| 650 | 4 |
_aMEXICANOS - _zCHICAGO (E.U.A.) - _xHISTORIA - _ySIGLO XX _920141 |
|
| 651 | 4 |
_aMéxico _xEmigración e inmigración _97931 |
|
| 905 | _aLibro | ||
| 999 |
_c155060 _d155060 |
||